| 000 | 00822nam a2200145 4500 | ||
|---|---|---|---|
| 008 | 708 C965d | ||
| 020 | _a97895636247717 | ||
| 082 |
_a708 _bC965d |
||
| 100 |
_aCueto, Gonzalo _96248 |
||
| 245 |
_aDesterritorio _bLíneas del vacío |
||
| 260 |
_aTemuco, Chile _bArtes Visuales del Laboratorio de Arte y Cultura _c2015 |
||
| 300 |
_a104 p. _bill _c21 x 15.5 cm |
||
| 505 |
_tPrólogo Navegación _tIntroducción _tAproximaciones diagrama inicial _tInforme 1 Espacios Fronterizos _tInforme 2 Desterritorio _tInforme 3 Niebla Luminosa _tDesarmando Miradores _tFuera de Campo _tRoce Imaginario _tLíneas del Vacío _tInforme 4 Guerra en el Desierto _tLa Tierra de Gonzalo Cueto. Ramiro Villarroel _tApariciones en Museos _tAgradecimientos |
||
| 650 |
_xArte contemporáneo _xarte visual _xarte - exhibiciones _xarte - geografías _xarte - Chile _96249 |
||
| 999 |
_c1431 _d1431 |
||